000 01074cam a2200217 4500
001 ABS68851
008 050317n2005 000 0 eng u
035 _a(Sirsi) u129098
100 _aDewar, D.
245 _aRaising authority standards
260 _c2005
490 _aPlanning (for the Natural and Built Environment)
_v(1609) 4 March 2005, 8(1)
520 _aReports on the key messages from ODPM's "An overview of the evaluation of planning standards authorities 2003-04", based on research carried out between October 2003 and May 2004. The vast majority of standards authorities have improved their performance in processing planning applications but many are still missing key targets with several still severely underachieving. Tables cover targets met by standards authorities in 2003-04 and key factors in improved performance.
590 _aABS
650 _aLOCAL AUTHORITIES
650 _aPLANNING APPLICATIONS
650 _aPERFORMANCE
650 _aTARGETS
690 _aENVIRONMENTAL AND LAND CONSULTANCY-PLANNING AND DEVELOPMENT
942 _n0
999 _c74943
_d74943